Antología autobiográfica
محفوظ في:
| المؤلف الرئيسي: | |
|---|---|
| التنسيق: | كتاب |
| اللغة: | الإسبانية |
| منشور في: |
Santiago
LOM
2008
|
| الطبعة: | 1a. ed |
| سلاسل: | Colección Narrativa Chilena
|
| الموضوعات: | |
| الوسوم: |
إضافة وسم
لا توجد وسوم, كن أول من يضع وسما على هذه التسجيلة!
|
MARC
| LEADER | 00000nam a2200000 a 4500 | ||
|---|---|---|---|
| 001 | UCI8692 | ||
| 003 | CL-VaPUC | ||
| 008 | 080922e20080000CL |||||||||||||||||spa|d | ||
| 020 | |a 9789562829816 | ||
| 082 | 0 | 4 | |a Ch863 |b ROJ |2 21 |
| 100 | 0 | |a Rojas, Manuel |e author |9 313776 | |
| 245 | 1 | 0 | |a Antología autobiográfica |
| 250 | |a 1a. ed | ||
| 300 | |a 339 p | ||
| 942 | |c BK | ||
| 945 | |d 20080922 00:00:00 |a jtorresc | ||
| 260 | |a Santiago |b LOM |c 2008 | ||
| 650 | 0 | |a Cuentos chilenos |9 308280 | |
| 650 | 0 | |a Literatura chilena |9 308278 | |
| 583 | |a last modification |c 20080922 00:00:00 |k Rodrigo Vera | ||
| 490 | 0 | |a Colección Narrativa Chilena | |
| 999 | |c 331502 |d 331500 | ||
| 952 | |0 0 |1 0 |4 0 |6 CH_863_000000000000000_ROJ_2008 |7 0 |8 R |9 418217 |a BIBEDU |b BIBEDU |c MCIRC |d 2019-11-22 |i 4482050 |o Ch863 ROJ 2008 |p 4482050 |r 2023-01-13 |w 2019-11-22 |y BK_R |k LIT | ||
| 952 | |0 0 |1 0 |4 0 |6 CH_863_000000000000000_ROJ_2008 |7 0 |8 A |9 418218 |a FDOPOS |b FDOPOS |d 2019-11-22 |i 474456K |o Ch863 ROJ 2008 |p 474456K |r 2025-01-22 |w 2019-11-22 |y BK |k DLH | ||